Труды ЦАГИ. Вып.2085: Оценка донного давления при околозвуковых скоростях (Запись № 1812002)

Подробности
000 -МАРКЕР
контрольное поле 01699nam2a22002771 4500
001 - ИДЕНТИФИКАТОР ЗАПИСИ
контрольное поле RU\NLR\INFOCOMM31\5000092542
005 - ИДЕНТИФИКАТОР ВЕРСИИ
контрольное поле 20250617031758.0
035 ## - ДРУГИЕ СИСТЕМНЫЕ НОМЕРА
Идентификатор записи (NLR Aleph) 002410127
100 ## - ДАННЫЕ ОБЩЕЙ ОБРАБОТКИ
Данные общей обработки 20050119d1980 |||y0rusy50 ca
101 0# - ЯЗЫК РЕСУРСА
Язык текста, звукозаписи и т.д. русский
102 ## - СТРАНА ПУБЛИКАЦИИ ИЛИ ПРОИЗВОДСТВА
Страна публикации российская федерация
105 ## - ПОЛЕ КОДИРОВАННЫХ ДАННЫХ: ТЕКСТОВЫЕ МАТЕРИАЛЫ, МОНОГРАФИЧЕСКИЕ
Кодированные данные о монографическом текстовом документе y ||||000|y
200 1# - ЗАГЛАВИЕ И СВЕДЕНИЯ ОБ ОТВЕТСТВЕННОСТИ
Основное заглавие Оценка донного давления при околозвуковых скоростях
Первые сведения об ответственности Р.М. Бондаренко, Р.И. Штейнберг
210 ## - ПУБЛИКАЦИЯ, РАСПРОСТРАНЕНИЕ И ДР.
Дата издания, распространения и т.д. 1980
Место издания, распространения и т.д. Б. м.
423 #0 - ИЗДАЕТСЯ В ОДНОЙ ОБЛОЖКЕ ВМЕСТЕ С ...
Встроенное поле 2001#$aПостроение поверхностей тока скользящего крыла при околозвуковых скоростях$fС.В. Ляпунов
-- 700#1$aЛяпунов$bС.В.
Заглавие Построение поверхностей тока скользящего крыла при околозвуковых скоростях
Автор Ляпунов, С.В.
461 #0 - УРОВЕНЬ НАБОРА
Встроенное поле 001RU\NLR\INFOCOMM31\5000085815
-- 2001#$aТруды ЦАГИ$fЦентр. аэрогидродинам. ин-т им. проф. Н.Е. Жуковского$vВып.2085
Системный номер (АБИС) связанной записи 3998286
Автор Центральный аэрогидродинамический институт им. Н. Е. Жуковского (Москва)
Место публикации М.
Дата публикации 1923 -
Первые сведения об ответственности Центр. аэрогидродинам. ин-т им. проф. Н.Е. Жуковского
Имя издателя, распространителя и т.д. Изд-во Бюро новой техники НКАП
Заглавие Труды ЦАГИ
ISSN 2588-0098
Номер тома Вып.2085
700 #1 - ИМЯ ЛИЦА - ПЕРВИЧНАЯ ОТВЕТСТВЕННОСТЬ
Начальный элемент ввода Бондаренко
Часть имени, кроме начального элемента ввода Р.М.
Код отношения Автор
701 #1 - ИМЯ ЛИЦА - АЛЬТЕРНАТИВНАЯ ОТВЕТСТВЕННОСТЬ
Начальный элемент ввода Штейнберг
Часть имени, кроме начального элемента ввода Р.И.
Код отношения Автор
801 #1 - ИСТОЧНИК ЗАПИСИ
Страна российская федерация
Организация InfoComm
Дата составления 20050129
801 #0 - ИСТОЧНИК ЗАПИСИ
Страна российская федерация
Организация NLR
Правила каталогизации PSBO
852 ## - МЕСТОНАХОЖДЕНИЕ И ШИФР ХРАНЕНИЯ
Идентификатор организации NLR
Шифр хранения (Call Number) П11/665
942 ## - ДОПОЛНИТЕЛЬНЫЕ ЭЛЕМЕНТЫ ЗАПИСИ (АБИС)
Тип экземпляра АБИС Выпуск
980 ## - КОЛЛЕКЦИЯ
Название коллекции Национальная библиография
980 ## - КОЛЛЕКЦИЯ
Название коллекции Русская периодика

Нет доступных экземпляров.